| 000 | 00586nam a2200157 4500 | ||
|---|---|---|---|
| 008 | 160425b xxu||||| |||| 00| 0 eng d | ||
| 020 | _a9789719357827 | ||
| 082 |
_22007 _aDFil 210 _bEn27e |
||
| 245 |
_aEnemies of God: _bheretical writings in the philosophy of religion/ _cApolinar Henry "Ambong" Fernandez |
||
| 260 |
_a[Davao City]: _bMS Lopez Printing & Pub., _cc2007. |
||
| 300 |
_avi, 178 pages; _c23 cm. |
||
| 500 | _aIncludes bibliographical references. | ||
| 650 | 0 |
_96312 _aReligion _vPhilosopy |
|
| 700 |
_96313 _aFernandez, Apolinar Henry T. _eEditor |
||
| 942 |
_2ddc _cDFIL |
||
| 999 |
_c1967 _d1967 |
||